[Event "Canadian op"]
[Site "Edmonton"]
[Date "2009.07.15"]
[Round "5.95"]
[White "Baron, Desmond"]
[Black "MacKay, David"]
[Result "1-0"]
[WhiteElo "1472"]
[BlackElo "1202"]
[PlyCount "52"]
[EventDate "2009.07.11"]
[EventType "swiss"]
[EventRounds "9"]
[EventCountry "CAN"]
[SourceTitle "EXT 2022"]
[Source "ChessBase"]
[SourceDate "2021.10.06"]
[SourceVersion "1"]
[SourceVersionDate "2021.10.06"]
[SourceQuality "1"]

1. c4 Nc6 2. Nc3 e5 3. e3 Bb4 4. d4 d6 5. Nge2 b6 6. g3 Bb7 7. Bg2 Bxc3+ 8. Nxc3 Nge7 9. 0-0 0-0 10. Bd2 exd4 11. exd4 Qe8 12. Re1 f6 13. Bf4 g5 14. Bc1 Qf7 15. b3 Ng6 16. Bb2 Rfe8 17. d5 Na5 18. Rxe8+ Qxe8 19. Qe1 Qf7 20. Qe2 Ne7 21. b4 Nxc4 22. Qxc4 Nxd5 23. Qe2 f5 24. Rd1 f4 25. Qc4 fxg3 26. hxg3 Ne7 1-0

[Event "Canadian op"]
[Site "Edmonton"]
[Date "2009.07.13"]
[Round "3.79"]
[White "Haley, Philip G"]
[Black "Baron, Desmond"]
[Result "1-0"]
[WhiteElo "1716"]
[BlackElo "1472"]
[PlyCount "125"]
[EventDate "2009.07.11"]
[EventType "swiss"]
[EventRounds "9"]
[EventCountry "CAN"]
[SourceTitle "EXT 2022"]
[Source "ChessBase"]
[SourceDate "2021.10.06"]
[SourceVersion "1"]
[SourceVersionDate "2021.10.06"]
[SourceQuality "1"]

1. c4 e5 2. Nc3 Nf6 3. g3 d5 4. cxd5 Nxd5 5. Bg2 Nxc3 6. bxc3 Bf5 7. Bxb7 Nd7 8. Bxa8 Qxa8 9. Nf3 e4 10. Nd4 e3 11. f3 Bg6 12. dxe3 Bd6 13. Qa4 c5 14. Nb3 Kd8 15. Bb2 Re8 16. Kf2 Bc7 17. Rad1 Re7 18. Nxc5 Bf5 19. Nxd7 Bxd7 20. Qh4 f6 21. Ba3 Re8 22. Qd4 Qc6 23. Qxd7+ Qxd7 24. Rxd7+ Kxd7 25. Rd1+ Kc6 26. e4 Re5 27. Bf8 g6 28. Bg7 Re6 29. Bf8 Re8 30. Ba3 Re5 31. Bc1 Rc5 32. Rd3 Ra5 33. a3 Bd6 34. c4 Ra4 35. Rc3 Be5 36. Rc2 Bd4+ 37. e3 Bb6 38. Ke2 Ra5 39. Kd3 Bc5 40. Rc3 Ra6 41. f4 Rb6 42. Kc2 Rb8 43. Kd3 Rd8+ 44. Ke2 Re8 45. Kf3 Re7 46. g4 h6 47. h4 Rf7 48. f5 g5 49. hxg5 hxg5 50. e5 fxe5 51. Ke4 Bd6 52. a4 a6 53. Ba3 Bc7 54. Rd3 Rf6 55. Rd5 Rf7 56. Rc5+ Kb6 57. Rxe5 Bxe5 58. Kxe5 Kc6 59. Ke6 Rc7 60. f6 Kb6 61. f7 Rc6+ 62. Kf5 Ka5 63. f8Q 1-0